Faham ilmu : pertumbuhan dan implikasi
| Other Authors: | |
|---|---|
| Format: | Book |
| Published: |
Kuala Lumpur :
Nurin Enterprise ,
1990
|
| Subjects: |
MARC
| LEADER | 00000cam a2200000 7i4500 | ||
|---|---|---|---|
| 001 | 0000004647 | ||
| 002 | 000005011 | ||
| 005 | 20000330.0 | ||
| 020 | |a T000000397 | ||
| 090 | 0 | 0 | |a 297.7 |b FAH |
| 245 | 0 | 0 | |a Faham ilmu : |b pertumbuhan dan implikasi |c disuntingdan kata pengantar oleh Mohd Idris Fauzi |
| 260 | |a Kuala Lumpur : |b Nurin Enterprise , |c 1990 | ||
| 300 | |a 126p. ; |c 20cm. | ||
| 650 | 0 | 0 | |a Islamic education |
| 700 | 0 | |a Mohd Idris Jauzi , |e penyunting | |
| 999 | |a 033002 |b BUKU |c PINJAMAN |e PERPUSTAKAAN KOMUNITI PETALING JAYA | ||